000 00585nam a2200193Ia 4500
005 20250508160224.0
008 008 250505s9999 xx 000 0 eng d
037 _aTextual
040 _aFEDL
_beng
_cFEDL
041 _aeng
_2eng
084 _a370.73262, NCE
_qFEDL
245 0 _aNational survey of elementary teacher education in India
245 0 _cNCERT
260 _aNew Delhi, India
_bNational Council of Educational Research and Training
_c1970
300 _a181p.
650 _aEducation
942 _cTEXL
_h370.73262, NCE
999 _c1362780
_d1362780